Statystyki dla Quiz o województwie mazowieckim

Kliknij tutaj aby rozwiązać quiz!

Ogólne statystyki

  • Ten quiz został rozwiązany 1 596 razy
    (1 581 od ostatniego zresetowania)
  • Średni wynik to 8 z 16

Statystyki odpowiedzi

PodpowiedźOdpowiedź% Poprawnych
Siedziba władz województwaWarszawa
99%
Obecna nazwa powyższego obiektuStadion Narodowy
81%
Prezydent miasta wojewódzkiegoRafał Trzaskowski
79%
Największe miasto nie znajdujące się na
Mazowszu, ale będące w Mazowieckiem
Radom
75%
Klub wojskowy grający na ul. Łazienkowskiej w WarszawieLegia Warszawa
73%
Najwyższy budynek w Warszawie do 2020 rokuPałac Kultury i Nauki
73%
Druga najdłuższa rzekaBug
62%
Obecny najwyższy budynek w całej Unii EuropejskiejVarso
38%
Wieś w której znajduje się Muzeum Jana KochanowskiegoCzarnolas
36%
Stadion o największej pojemności wszechczasów w PolsceStadion Dziesięciolecia
32%
Miasto o największej gęstości zaludnienia w PolsceLegionowo
31%
Miasto, w którym znajduje się najbardziej
wysunięty na północ McDonald's w Mazowieckiem
(53°05'35.3"N)
Mława
30%
WojewodaKonstanty Radziwiłł
22%
Najbardziej wysunięty na południe park
krajobrazowy
Kozienicki Park Krajobrazowy
12%
Miasto z największą procentową liczbą
zaszczepionych w Polsce
Podkowa Leśna
11%
Największe jezioroJezioro Zdworskie
8%

Rozkład punktacji

Percentyl według liczby udzielonych odpowiedzi

Procent ludzi z każdym wynikiem

Twoja historia wyników

Nie rozwiązałeś tego quizu od ostatniego zresetowania